Datum a čas kvízu
28
Celkem bodů
Celkový počet nahraných bodů na tomto kvízu bez doplňovacích otázek.
11.
Pořadí na kvízu
Konečné umístění týmu na tomto kvízu.
Zaznamenané odpovědi
| # | Otázka | Odpověď | Body | Výsledky |
|---|---|---|---|---|
| 1. | Jistý zlomyslný muž odstranil... | v Brně | 1 | |
| 2. | V jedné africké zemi byl nalez... | v Botswaně | 0 | |
| 3. | Animovaný seriál Bob a Bobek –... | Hádkovi | 0 | |
| 4. | Fanoušci značky Škoda vybrali... | Kylaq | 0 | |
| 5. | Při fotbalovém zápase peruánsk... | močil (u rohového praporku) | 0 | |
| 6. | Historie Texasu je těsně spoje... | San Antonio | 0 | |
| 7. | Hranici mezi Texasem a Mexikem... | Colorado | 0 | |
| 8. | Jedním z důvodů navštívit Hous... | Saturn V | 1 | |
| 9. | Jak se jmenoval americký polit... | Stephen F. Austin | 0 | |
| 10. | Mezi několik známých osobností... | Eva Longoria, Zoufalé manželky | 0 |